|
|
|
|
| LEADER |
00000nam0a2200000 4500 |
| 001 |
299186 |
| 005 |
20231102001158.0 |
| 020 |
|
|
|a RU
|b 82-64383
|
| 035 |
|
|
|a (RuTPU)RU\TPU\book\324338
|
| 090 |
|
|
|a 299186
|
| 100 |
|
|
|a 20150625d1982 k y0rusy5003 ca
|
| 101 |
0 |
|
|a rus
|
| 102 |
|
|
|a RU
|
| 105 |
|
|
|a a z 000zy
|
| 200 |
1 |
|
|a Повышение прочности и долговечности горных машин
|f А. В. Докукин [и др.]
|
| 210 |
|
|
|a Москва
|c Машиностроение
|d 1982
|
| 215 |
|
|
|a 224 с.
|c ил.
|
| 606 |
1 |
|
|a Горные машины
|x Прочность
|2 stltpush
|3 (RuTPU)RU\TPU\subj\7877
|9 35400
|
| 610 |
1 |
|
|a эксплуатация
|
| 610 |
1 |
|
|a конструкционная прочность
|
| 610 |
1 |
|
|a испытания
|
| 610 |
1 |
|
|a исследование
|
| 610 |
1 |
|
|a расчет
|
| 610 |
1 |
|
|a зубчатые передачи
|
| 610 |
1 |
|
|a тяговые органы
|
| 610 |
1 |
|
|a долговечность
|
| 675 |
|
|
|a 622.002.5-192
|v 4
|
| 701 |
|
1 |
|a Докукин
|b А. В.
|g Александр Викторович
|
| 701 |
|
1 |
|a Семенча
|b П. В.
|g Павел Васильевич
|
| 701 |
|
1 |
|a Гольдбухт
|b Е. Е.
|g Евгений Ефимович
|
| 701 |
|
1 |
|a Зислин
|b Ю. А.
|g Юрий Абрамович
|
| 801 |
|
0 |
|a RU
|b RuMRKP
|c 19950704
|g psbo
|
| 801 |
|
1 |
|a RU
|b 63413507
|c 20150625
|
| 801 |
|
2 |
|a RU
|b 63413507
|c 20170801
|g RCR
|
| 942 |
|
|
|c BK
|